Verejný sektor

Z obsahu: Project Parity pomáha ženám uplatniť sa vo vedúcich pozíciách. Aj na Slovensku sú snahy o kvantifikáciu neplatenej práce v domácnosti. Na problémy sa nemožno sťažovať, treba ich riešiť, hovorí členka Klubu profesionálnych žien.

Na minha lista:
Detalhes bibliográficos
Autor principal: Reiselová, Eva
Formato: Livro
Idioma:eslovaco
Assuntos:
Tags: Adicionar Tag
Sem tags, seja o primeiro a adicionar uma tag!

MARC

LEADER 00000nam a2200000 4500
001 r030195
005 20230921083432.2
041 0 |a slo 
044 |a SK 
245 1 0 |a Verejný sektor  |c Eva Reiselová 
520 |a Z obsahu: Project Parity pomáha ženám uplatniť sa vo vedúcich pozíciách. Aj na Slovensku sú snahy o kvantifikáciu neplatenej práce v domácnosti. Na problémy sa nemožno sťažovať, treba ich riešiť, hovorí členka Klubu profesionálnych žien. 
610 2 0 |a ženy 
610 2 0 |a zamestnanci 
610 2 0 |a zamestnávatelia 
610 2 0 |a pracovníci riadiaci 
610 2 0 |a práca žien 
610 2 0 |a domácnosti 
610 2 0 |a Slovensko 
610 2 0 |a Project Parity 
100 1 |a Reiselová, Eva